| 000 | 00449nam a2200169Ia 4500 | ||
|---|---|---|---|
| 005 | 20260429111946.0 | ||
| 008 | 260429s9999||||xx |||||||||||||| ||und|| | ||
| 020 | _a9788184112672 | ||
| 041 | _aEnglish | ||
| 082 |
_a363.7 _bJOH |
||
| 100 | _aJohri, Poonam | ||
| 245 | 0 |
_aSave environment / _cPoonam Johri |
|
| 260 |
_aNew Delhi : _bSonali Publications, _c2024. |
||
| 300 | _axxxviii, 326 p.; hb | ||
| 650 | _aEnvironmental science | ||
| 942 | _cTB | ||
| 999 |
_c51625 _d51625 |
||